000 00636nam a2200205Ia 4500
003 OSt
005 20250804183755.0
008 210423s1977 xx 000 0 und d
040 _cAL
041 _aEnglish
082 _a320
_bHART
100 _aRajen Harshe
_9105007
245 _aTwentieth century imperialism
_b: shifting contours and changing conceptions
260 _aNew Delhi
_bSage Publications
_c1977
365 _b195
_cINR
650 _aPolitical Science
_9105008
650 _aPolitical Science
_9105008
906 _acentury ; changing ; conceptions ; contours ; imperialism: ; shifting ; Twentieth
942 _2ddc
_cBK
999 _c172193
_d172193